000 00567nam a22002177a 4500
003 OSt
005 20150414134212.0
008 150414b xxu||||| |||| 00| 0 eng d
020 _a0723609543
040 _cDNLM
082 _aWO 460 R541 1987
100 _aRoberts D. H
_93761
245 _aLocal Analgesia in Dentistry /
_cD H Roberts and J H Sowray
250 _a3rd ed
260 _aOxford:
_bWright;
_c1987.
300 _axi, 176 p :
_bill;
_c27 cm
504 _aIncludes index
650 _aDentistry
_93762
700 _aSowray J H
_93763
942 _2z
_cSLOAN
999 _c1426
_d1426